Vplyv generovania STL modelov na výslednú presnosť pri X – Ray tomografii

Saved in:
Bibliographic Details
Main Author: Martinec, Matúš (Author)
Other Authors: Samardžiová, Michaela (Thesis advisor)
Format: Manuscript Book
Language:Slovak
Published: 2017
Subjects:
Online Access:http://is.stuba.sk/zp/portal_zp.pl?podrobnosti=126134
Tags: Add Tag
No Tags, Be the first to tag this record!

MARC

LEADER 00000ntm a22000003a 4500
001 stuzp62605
003 SK-STU
005 20200129101822.9
007 ta
008 150427s2015----xo-----f-mn---000-0-slo-d
040 |a STU  |b slo 
041 0 |a slo 
100 1 |a Martinec, Matúš  |u 063000  |k Z4  |4 aut  |U MTF Materiálovotechnologická fakulta  |T MTF Ústav výrobných technológií  |X 47110  |U M3000  |Y 83  |7 47110 
242 0 1 |a The influence of generating STL models in final accuracy in X - ray tomography  |y eng 
245 1 0 |a Vplyv generovania STL modelov na výslednú presnosť pri X – Ray tomografii 
260 |c 2017 
650 4 |a počítačová tomografia  |2 slo 
650 4 |a STL model  |2 slo 
650 4 |a meranie  |2 slo 
650 4 |a röntgenové žiarenie  |2 slo 
650 4 |a X-Rays  |2 eng 
650 4 |a computer tomography  |2 eng 
650 4 |a STL model  |2 eng 
650 4 |a measuring  |2 eng 
700 1 |a Samardžiová, Michaela  |u 063600  |k Z1  |4 ths  |U MTF Ústav výrobných technológií  |T MTF Katedra obrábania a tvárnenia  |X 37948  |U M3600  |Y 841  |7 37948 
856 4 |u http://is.stuba.sk/zp/portal_zp.pl?podrobnosti=126134 
996 |c M* DP-13103  |l MMSKP  |s P  |a 0  |w stuzp62605_0001